| 000 | 00387 a2200133 4500 | ||
|---|---|---|---|
| 001 | 90334 | ||
| 082 | _a823.914 AKB | ||
| 090 |
_c42654 _d42654 |
||
| 100 | _aAkbar Ahmed | ||
| 245 |
_aThe Thistle and the drone _cHow America's was on terror became a Global was on Tribal Islam |
||
| 260 |
_aIndia _bHarper Collins Publishers _c2013 |
||
| 300 | _a425p. | ||
| 500 | _aGeneral Collection | ||
| 942 |
_aCAE NUST _k823.914 AKB` |
||
| 999 |
_c325407 _d325407 |
||